| 000 | 01094nam a2200325 a 4500 | ||
|---|---|---|---|
| 001 | 0000403 | ||
| 003 | DO-SdBPM | ||
| 005 | 20251029130530.0 | ||
| 007 | ta | ||
| 008 | 091125s1990 sp a 000 0 spa d | ||
| 020 | _a8424154843 | ||
| 040 |
_aDO-SdBPM _bspa _cBPMSU _erda |
||
| 082 | 4 |
_aR372.2103 _bJ45m 1990 _222 |
|
| 100 | 1 |
_aJefferds, Vincent _eautor |
|
| 245 | 1 | 0 |
_aMi primer diccionario / _c adaptación española Eladio Martínez B. de Quirós... [y otros] |
| 250 | _a2a. ed. | ||
| 264 |
_aLeón, España : _bDisney enterprises, _c1990 |
||
| 300 |
_a78 páginas : _bilustraciones ; _c27 cm. |
||
| 336 |
_atexto _btxt _2rdacontent |
||
| 337 |
_asin mediación _bn _2rdamedia |
||
| 338 |
_avolumen _bnc _2rdacarrier |
||
| 534 |
_pTítulo original : _tVery First Dictionary |
||
| 590 | _aInventariado, 2025/VM | ||
| 650 |
_aEducación preescolar _xDiccionarios infantiles. |
||
| 650 | 7 |
_aEnciclopedias y diccionarios _xLiteratura juvenil _2 |
|
| 700 | 1 | _aMartínez B Quirós, Eladio | |
| 710 | 2 | _aDisney | |
| 910 | _a VMateo V. Control de calidad. BPMSU | ||
| 942 |
_2ddc _cBK |
||
| 999 |
_c15478 _d15478 |
||